| 000 | 00836nam a2200265 a 4500 | ||
|---|---|---|---|
| 001 | BRCA_5119 | ||
| 005 | 20190320204940.0 | ||
| 008 | 191110s1948----fr-a######---#000-0#fre-# | ||
| 041 | _afre | ||
| 044 | _afr | ||
| 050 | 4 |
_aAM48 _b.V35 1948 |
|
| 100 | 1 |
_aVallée, Robert _913061 |
|
| 245 | 1 | 0 |
_aLes petits Musées de París _cRobert Vallée. |
| 260 |
_aParís _bLes Editions Internationales _c1948 |
||
| 300 |
_a151 p. _bil. _c20 cm. _emapa; 17 fotografías |
||
| 440 | 0 |
_aEncyclopédie pittoresque _913062 |
|
| 500 | _aIncluye índice de museos de París e índice de ilustraciones | ||
| 500 | _aEstado físico: Encuadernación deteriorada | ||
| 500 | _aE12 | ||
| 650 | 1 | 4 |
_aGalerías y museos _zFrancia _97839 |
| 650 | 1 | 4 |
_aMuseos _zParís _913063 |
| 651 | 4 |
_aParís _xGalerías y museos _913064 |
|
| 902 | _aGFM | ||
| 942 |
_2lcc _cB |
||
| 999 |
_c4813 _d4813 |
||